000 01142nam a22003257a 4500
003 CHAP
005 20220329134217.0
008 971013s1976 r 00010 d
010 _a17020
011 _a17992
035 _a22076
040 _cCHAP
082 _a574.014
_bJ4
100 0 0 _aJeffrey, Charles.
_961285
245 _aNomenclatura biológica
260 _aMadrid :
_bBlume,
_c1976
300 _a87 p
500 _aEncuadernado con : Código internacional de nomenclatura botánica, por F.A. Stafleu.- Códico internacional de nomenclatura zoológica
590 _aBATCH-UPD
_b10
_c20130110
_lUCH01
_h1730
590 _aBATCH-UPD
_b10
_c20130410
_lUCH01
_h1111
590 _aBATCH-UPD
_b10
_c20130914
_lUCH01
_h0632
590 _aCONVERSION
_b10
_c20130109
_lUCH01
_h1311
650 1 4 _aBiología
_xClasificación.
_912778
650 1 4 _aBiología
_xNomenclatura.
_912795
901 _aBK
942 _cLIBRO
949 _a574.014 J4
_bBC
_cC
_d-51346
_eC
_fc.2
_h42698
_i22076
_si
_t355.00
949 _a574.014 J4
_bBC
_cC
_d-51347
_eC
_fc.3
_h43032
_i22076
_si
_t355.00
949 _a574.014 J4
_bBC
_cC
_d33724000936555
_eC
_h42697
_i22076
_si
_t355.00
999 _c17020
_d17020